[Event "Dundee & Angus Major"]
[Site "Dundee"]
[Date "2012.10.12"]
[Round "?"]
[White "Wynne, Stuart"]
[Black "Atkins, Graham"]
[Result "1/2-1/2"]
[WhiteElo "1249"]
[BlackElo "1503"]
[PlyCount "69"]
[EventDate "2012.10.12"]
[EventType "swiss"]
[EventRounds "5"]
[EventCountry "SCO"]
[SourceTitle "EXT 2023"]
[Source "ChessBase"]
[SourceDate "2022.10.05"]
[SourceVersion "1"]
[SourceVersionDate "2022.10.05"]
[SourceQuality "1"]

1. c4 g6 2. g3 Bg7 3. Bg2 d6 4. Nc3 Nc6 5. d3 e5 6. e4 Nge7 7. Nge2 Bg4 8. 0-0 0-0 9. h3 Bxe2 10. Nxe2 Nd4 11. Nxd4 exd4 12. Bf4 Nc6 13. Qd2 Ne5 14. Rad1 c5 15. Bxe5 dxe5 16. b4 b6 17. bxc5 bxc5 18. Rb1 Qd6 19. Qc2 Rab8 20. Rxb8 Rxb8 21. Rb1 Rxb1+ 22. Qxb1 a6 23. Qb7 Bf6 24. h4 Kg7 25. Bh3 Be7 26. Bc8 a5 27. Qa6 Qxa6 28. Bxa6 f5 29. f3 h5 30. Kg2 f4 31. gxf4 exf4 32. Kh3 Kf6 33. a4 g5 34. hxg5+ Kxg5 35. Bc8 1/2-1/2

[Event "Dundee & Angus Congress Major"]
[Site "Dundee"]
[Date "2011.10.14"]
[Round "1"]
[White "Monaghan, Mark"]
[Black "Atkins, Graham"]
[Result "1/2-1/2"]
[WhiteElo "1705"]
[BlackElo "1471"]
[PlyCount "56"]
[EventDate "2011.10.14"]
[EventType "swiss"]
[EventRounds "5"]
[EventCountry "SCO"]
[SourceTitle "EXT 2023"]
[Source "ChessBase"]
[SourceDate "2022.10.05"]
[SourceVersion "1"]
[SourceVersionDate "2022.10.05"]
[SourceQuality "1"]

1. d4 g6 2. c4 Bg7 3. Nc3 d6 4. e4 Nc6 5. Be3 e5 6. d5 Nd4 7. Nf3 Bg4 8. Be2 Bxf3 9. Bxf3 Ne7 10. 0-0 0-0 11. Bxd4 exd4 12. Ne2 c5 13. dxc6 Nxc6 14. Rc1 Qb6 15. b3 Rfe8 16. Nf4 Ne7 17. Nd3 Nc6 18. Re1 a5 19. Nf4 Ne7 20. Rb1 Bh6 21. Nd3 Nc6 22. Nb2 Bg7 23. h4 h5 24. Nd3 Nb4 25. Rb2 Nxd3 26. Qxd3 Qb4 27. Reb1 Rac8 28. g3 b6 1/2-1/2